000 00602nam a2200193 i 4500
001 bg
100 1 _aGŁOWACKI, Marek
245 0 _aSystemy operacyjne DOS [Disk Operating System] i OS [Operating System] /
_cMarek Głowacki.
260 _aWarszawa :
_bWydawn. Nauk.-Techn.,
_c1982.
300 _as. 151, nlb. 3 :
_brys.
490 1 _aBiblioteka Inżynierii Oprogramowania
504 _a[Zawiera bibliogr. s. 145-146].
830 _aBiblioteka Inżynierii Oprogramowania
040 _cBPK
041 _apol
080 _a681.322.066
942 _cKS
008 s pl f |000 0 pol
999 _c20290
_d20290
856 _uhttp://koha.tu.koszalin.pl/cgi-bin/koha/opac-detail.pl?biblionumber=20290
_yKatalog online BPK